Folklór, ľudové umenie a národná gastronómia v cestovnom ruchu

Poskytovanie doplnkových služieb a animačných programov pre účastníkov zahraničného i domáceho cestovného ruchu. Organizačné zabezpečenie podujatia s folklórnym programom. Výber pohostinského zariadenia. Gastronomická zložka podujatia. Folklórny program. Doprava a ďalšie služby. Kalkulácia ceny.

Gespeichert in:
Bibliographische Detailangaben
1. Verfasser: Hesková, Ľudmila
Format: Buchkapitel
Sprache:Slowakisch
Schlagworte:
Tags: Tag hinzufügen
Keine Tags, Fügen Sie das erste Tag hinzu!

MARC

LEADER 00000naa a2200000 4500
001 r045971
005 20230724111306.1
041 0 |a slo 
044 |a SK 
245 1 0 |a Folklór, ľudové umenie a národná gastronómia v cestovnom ruchu  |c Ľudmila Hesková 
520 |a Poskytovanie doplnkových služieb a animačných programov pre účastníkov zahraničného i domáceho cestovného ruchu. Organizačné zabezpečenie podujatia s folklórnym programom. Výber pohostinského zariadenia. Gastronomická zložka podujatia. Folklórny program. Doprava a ďalšie služby. Kalkulácia ceny. 
610 2 0 |a ruch cestovný 
610 2 0 |a služby doplnkové 
610 2 0 |a gastronómia 
610 2 0 |a pohostinstvo 
100 1 |a Hesková, Ľudmila